Tokyu-Toyoko train and Minatomirai lines (Tokyo - Yokohama) - Statistics

General Stats
  • This quiz has been taken 64 times
  • The average score is 19 of 26
Answer Stats
Answer % Correct
Shibuya
98%
Yokohama
95%
Musashi-Kosugi
90%
Jiyugaoka
88%
Naka-meguro
88%
Kikuna
86%
Minatomirai
86%
Daikan-yama
83%
Den-en-chofu
83%
Hiyoshi
83%
Motomachi-Chukagai
81%
Gakugei-daigaku
79%
Tamagawa
79%
Motosumiyoshi
76%
Shin-maruko
69%
Tsunashima
69%
Toritsu-daigaku
67%
Bashamichi
64%
Hakuraku
60%
Tammachi
60%
Nihon-odori
57%
Okurayama
57%
Yutenji
57%
Higashi-hakuraku
52%
Shin-takashima
50%
Myorenji
48%
No matching quizzes found
Score Distribution
Percent of People with Each Score
Percentile by Number Answered
Your Score History
You have not taken this quiz